| 000 | 01611cab a2200421 4500 | ||
|---|---|---|---|
| 001 | ##L133992 | ||
| 008 | 060629n2006 000 0 eng u | ||
| 035 | _a(Sirsi) u133992 | ||
| 041 | 0 | _aeng | |
| 100 | 1 | _aJoss, Norman | |
| 245 | 0 | 0 | _aLandlord and tenant update - one |
| 260 | _c2006 | ||
| 490 | 0 |
_aSolicitors' Journal _v150(24) 23 June 2006, 805-807(2) |
|
| 520 | _aDiscusses recent landlord and tenant case law in the first of two articles. Examines cases concerning leases or licences, housing and secure tenancies, housing and human rights and rent review. | ||
| 590 | _aIKA040706 | ||
| 650 | 2 | 4 | _aHOUSING ACT 1996 |
| 650 | 2 | 4 | _aHOUSING ACT 1985 SCHED 2 GROUND 5 |
| 650 | 2 | 4 | _aHOUSING ACT 1988 SCHED 1 GROUND 17 |
| 650 | 2 | 4 | _aCONVENTION FOR THE PROTECTION OF HUMAN RIGHTS AND FUNDAMENTAL FREEDOMS ART 8 |
| 650 | 2 | 4 | _aHARROW LBC V QAZI |
| 650 | 2 | 4 | _aBRUTON V L AND Q |
| 650 | 2 | 4 | _aCONNORS V UNITED KINGDOM |
| 650 | 2 | 4 | _aPIRABKARAN V PATEL |
| 650 | 2 | 4 | _aPROTECTION FROM EVICTION ACT 1977 S2 |
| 650 | 2 | 4 | _aHUMAN RIGHTS ACT 1998 |
| 650 | 2 | 4 | _aRIVERSIDE HOUSING ASSOCIATION LTD V WHITE |
| 650 | 2 | 4 | _aHOUSING ACT 1988 S13 |
| 650 | 2 | 4 | _aUNITED SCIENTIFIC HOLDINGS LTD V BURNLEY BC |
| 650 | 2 | 4 | _aLANDLORD AND TENANT ACT 1954 S23 |
| 650 | 2 | 4 | _aCLEAR CHANNEL UK LTD V MANCHESTER CITY COUNCIL |
| 650 | 2 | 4 | _aSTREET V MOUNTFORD |
| 650 | 2 | 4 | _aISLINGTON LBC V UCKAC |
| 650 | 2 | 4 | _aKAY AND OTHERS V LAMBETH LBC AND ANOTHER |
| 651 | 4 |
_aEngland and Wales _y1543- |
|
| 690 | _aPROPERTY-RESIDENTIAL PROPERTY-RESIDENTIAL LANDLORD AND TENANT | ||
| 700 | 1 | _aGrundy, Nick | |
| 942 | _n0 | ||
| 999 |
_c77308 _d77308 |
||